zpět

Detail výsledku týmu

Spirit Bar - Žižkov, Praha

Datum a čas kvízu

28 Celkem bodů Celkový počet nahraných bodů na tomto kvízu bez doplňovacích otázek.
7. Pořadí na kvízu Konečné umístění týmu na tomto kvízu.

Zaznamenané odpovědi

# Otázka Odpověď Body Výsledky
1. Neobvyklý zásah za sebou mají... v Brně 0
2. Tento automobil stál na ulici... v Itálii 0
3. Streamovací platforma Netflix... Stranger Things 0
4. Český internetový prodejce, je... Notino 1
5. Rychlobruslařka Martina Sáblík... Jiří Stanislav Guth-Jarkovský 1
6. Podíváme se mezi lékaře, kteří... Sám sobě vyoperoval slepé střevo (a přežil). 1
7. Tento český kardiochirurg dosá... Jan Pirk 1
8. Jednou z postav seriálu Simpso... Dlaha 1
9. Další z mnoha veřejně známých... A) plastická chirurgie 1
10. Chirurga Benjamina Franklina „... Woody Allen 0